Язык и актуальные проблемы образования. Ч. 2 (Запись № 13507677)

Подробности
000 -МАРКЕР
контрольное поле 02447nam2a2200265 4500
001 - ИДЕНТИФИКАТОР ЗАПИСИ
контрольное поле RU\NLR\BIBL_A\022690326
005 - ИДЕНТИФИКАТОР ВЕРСИИ
контрольное поле 20260213141407.0
010 ## - МЕЖДУНАРОДНЫЙ СТАНДАРТНЫЙ НОМЕР КНИГИ (ISBN)
Номер (ISBN) 978-5-901985-14-4
Тираж 500
021 ## - НОМЕР ГОСУДАРСТВЕННОЙ РЕГИСТРАЦИИ
Код страны Российская Федерация
Номер КН-П-25-067982
Номер Листа государственной регистраци КН-П-25-6578
035 ## - ДРУГИЕ СИСТЕМНЫЕ НОМЕРА
Идентификатор записи (NLR Aleph) 022690326
100 ## - ДАННЫЕ ОБЩЕЙ ОБРАБОТКИ
Данные общей обработки 20251218d2025 k y0rusy50 ca
101 0# - ЯЗЫК РЕСУРСА
Язык текста, звукозаписи и т.д. русский
-- английский
102 ## - СТРАНА ПУБЛИКАЦИИ ИЛИ ПРОИЗВОДСТВА
Страна публикации Российская Федерация
105 ## - ПОЛЕ КОДИРОВАННЫХ ДАННЫХ: ТЕКСТОВЫЕ МАТЕРИАЛЫ, МОНОГРАФИЧЕСКИЕ
Кодированные данные о монографическом текстовом документе a z 100zy
200 0# - ЗАГЛАВИЕ И СВЕДЕНИЯ ОБ ОТВЕТСТВЕННОСТИ
Основное заглавие Ч. 2
Сведения, относящиеся к заглавию научные труды участников юбилейного годичного собрания МАНПО
210 ## - ПУБЛИКАЦИЯ, РАСПРОСТРАНЕНИЕ И ДР.
Дата издания, распространения и т.д. 2025
215 ## - ФИЗИЧЕСКАЯ ХАРАКТЕРИСТИКА
Специфическое обозначение материала и объем 397, [8] с.
Другие сведения о физической характеристике ил.
461 #0 - УРОВЕНЬ НАБОРА
Встроенное поле 001RU\NLR\BIBL_A\022690317
-- 2001#$aЯзык и актуальные проблемы образования$eнаучные труды международной научно-практической конференции, посвященной 30-летию Международной академии наук педагогического образования, Москва 24-25 октября 2025 года$eв 2-х частях$fМеждународная академия наук педагогического образования, Московский педагогический государственный университет [и др.]$gпод редакцией Е. И. Артамоновой$vЧ. 2
Системный номер (АБИС) связанной записи 13552682
Место публикации Москва
Дата публикации 2025
Первые сведения об ответственности Международная академия наук педагогического образования, Московский педагогический государственный университет [и др.]
Имя издателя, распространителя и т.д. МАНПО
Сведения, относящиеся к заглавию научные труды международной научно-практической конференции, посвященной 30-летию Международной академии наук педагогического образования, Москва 24-25 октября 2025 года : в 2-х частях
Заглавие Язык и актуальные проблемы образования
Номер тома Ч. 2
711 02 - НАИМЕНОВАНИЕ ОРГАНИЗАЦИИ - АЛЬТЕРНАТИВНАЯ ОТВЕТСТВЕННОСТЬ
Начальный элемент ввода Международная академия наук педагогического образования
Структурное подразделение Годичное собрание
Место проведения временной организации Москва
Дата проведения временной организации 2025
Системный номер авторитетной/нормативной записи 2692025
Идентификатор авторитетной/нормативной записи RU\NLR\AUTH\880637160
942 ## - ДОПОЛНИТЕЛЬНЫЕ ЭЛЕМЕНТЫ ЗАПИСИ (АБИС)
Тип экземпляра АБИС Книга
980 ## - КОЛЛЕКЦИЯ
Название коллекции Национальная библиография

Нет доступных экземпляров.